header

The word in black and white (Record no. 3945)

MARC details
000 -LEADER
fixed length control field 01536nam a2200361Ia 4500
082 04 - DEWEY DECIMAL CLASSIFICATION NUMBER
Classification number 810.9/355
100 1# - MAIN ENTRY--AUTHOR NAME
Personal name Nelson, Dana D.
245 14 - TITLE STATEMENT
Title The word in black and white
260 ## - PUBLICATION, DISTRIBUTION, ETC. (IMPRINT)
Place of publication New York :
Name of publisher Oxford University Press,
Year of publication c1992.
300 ## - PHYSICAL DESCRIPTION
Number of Pages xvi, 189 p.
650 #0 - SUBJECT ADDED ENTRY--TOPICAL TERM
Topical Term American literature
Topical Term American literature
Topical Term American literature
Topical Term American literature
Topical Term Minorities in literature.
Topical Term Race in literature.
856 40 - ELECTRONIC LOCATION AND ACCESS
Uniform Resource Identifier http://site.ebrary.com/lib/rucke/Doc?id=10279392

No items available.

© 2026 Rongo University
Contact us: librarian | system librarian | Rongo university